[Event "Aberto Brasil - II Niterói Chess Open "]
[Site "Salão de Convenções do Hot"]
[Date "2022.09.06"]
[Round "8.48"]
[White "Simas, Breno Matos"]
[Black "Silva, Marcelo Dos Santos"]
[Result "1/2-1/2"]
[WhiteElo "1749"]
[BlackElo "1910"]
[PlyCount "80"]
[EventDate "2022.09.01"]
[EventRounds "9"]
[EventCountry "BRA"]

1. d4 e6 2. c4 f5 3. Nf3 Nf6 4. g3 Be7 5. Bg2 O-O 6. O-O d6 7. Qc2 Ne4 8. Nbd2
Nxd2 9. Bxd2 Nc6 10. Bc3 a5 11. Rad1 Qe8 12. a3 Nd8 13. Nd2 Bd7 14. f4 c6 15.
e4 Qh5 16. d5 cxd5 17. exd5 exd5 18. Bxd5+ Kh8 19. Rde1 Bf6 20. Nf3 Nc6 21. b4
axb4 22. axb4 Rae8 23. Rxe8 Qxe8 24. Re1 Qg6 25. b5 Nd8 26. Bb4 Re8 27. Rxe8+
Qxe8 28. Bxd6 Qe3+ 29. Qf2 Qd3 30. Qd2 Qb1+ 31. Qe1 Qd3 32. Be5 Be6 33. Bxf6
gxf6 34. Bxe6 Nxe6 35. Qxe6 Qxf3 36. Qxf6+ Kg8 37. Qd8+ Kg7 38. Qd5 Qe3+ 39.
Kg2 Qe2+ 40. Kg1 Qe1+ 1/2-1/2

[Event "Aberto Brasil - II Niterói Chess Open "]
[Site "Salão de Convenções do Hot"]
[Date "2022.09.06"]
[Round "8.49"]
[White "Pavao, Fabio Biasi"]
[Black "De Souza, Felipe Guimaraes"]
[Result "0-1"]
[WhiteElo "1737"]
[BlackElo "1893"]
[PlyCount "66"]
[EventDate "2022.09.01"]
[EventRounds "9"]
[EventCountry "BRA"]

1. c4 c5 2. Nc3 Nc6 3. Nf3 g6 4. g3 Bg7 5. Bg2 d6 6. O-O e5 7. d3 Nge7 8. Rb1
h6 9. a3 O-O 10. b4 f5 11. b5 Nb8 12. Qc2 Be6 13. Ne1 Qc7 14. f4 Nd7 15. e4
fxe4 16. Nxe4 Nf5 17. Nf3 exf4 18. Bxf4 g5 19. Bd2 g4 20. Nh4 Nd4 21. Qd1 Ne5
22. Bf4 Kh7 23. Qd2 Rad8 24. Nc3 Qa5 25. Be4+ Kg8 26. Bxh6 Qxc3 27. Qg5 Ndf3+
28. Nxf3 Nxf3+ 29. Rxf3 gxf3 30. Qg6 f2+ 31. Kg2 f1=Q+ 32. Rxf1 Rxf1 33. Kxf1
Qf6+ 0-1

[Event "Aberto Brasil - II Niterói Chess Open "]
[Site "Salão de Convenções do Hot"]
[Date "2022.09.06"]
[Round "8.50"]
[White "Da Costa, Loyson Rodrigues"]
[Black "Cardoso, Lucca Pimenta"]
[Result "0-1"]
[WhiteElo "1891"]
[BlackElo "1780"]
[PlyCount "104"]
[EventDate "2022.09.01"]
[EventRounds "9"]
[EventCountry "BRA"]

1. d4 d5 2. c4 e6 3. Nc3 Nf6 4. cxd5 exd5 5. Bg5 Be7 6. Qc2 O-O 7. e3 Nbd7 8.
Bd3 c6 9. Nge2 Re8 10. O-O Nf8 11. a3 g6 12. Qd2 Ne6 13. Bh4 Ng7 14. f3 Ne4 15.
Nxe4 Bxh4 16. Nf2 Bf5 17. g3 Bg5 18. f4 Bf6 19. Nc3 h5 20. Rad1 Qc7 21. Rfe1
Rad8 22. Bxf5 Nxf5 23. Nd3 Nd6 24. Qf2 b5 25. Ne5 Qb6 26. Qc2 Nc4 27. Kh1 a5
28. Nb1 Rc8 29. b3 Nd6 30. Nd2 Kg7 31. Qd3 Rc7 32. Rc1 Rec8 33. b4 Nc4 34. Ndf3
Ra8 35. Ra1 Be7 36. Qc3 Rca7 37. Rab1 axb4 38. axb4 Ra3 39. Rb3 Ra2 40. Nd3 Bd6
41. Nb2 Qa6 42. Nxc4 bxc4 43. Rb2 Ra3 44. Qc2 c3 45. Rbb1 Qb5 46. Qe2 Qa4 47.
b5 Ra2 48. Qd3 Qa3 49. Rbc1 c2 50. Qxa3 Bxa3 51. bxc6 Bxc1 52. Rxc1 Ra1 0-1

[Event "Aberto Brasil - II Niterói Chess Open "]
[Site "Salão de Convenções do Hot"]
[Date "2022.09.06"]
[Round "8.51"]
[White "Brambilla, Renee Blandy T."]
[Black "Saraiva, Alexandre Pacheco"]
[Result "1/2-1/2"]
[WhiteElo "1616"]
[BlackElo "1882"]
[PlyCount "99"]
[EventDate "2022.09.01"]
[EventRounds "9"]
[EventCountry "BRA"]

1. d4 Nf6 2. c4 e6 3. Nc3 Bb4 4. e3 O-O 5. Nge2 d5 6. a3 Bxc3+ 7. Nxc3 Nbd7 8.
cxd5 exd5 9. Bd3 c6 10. Qc2 Re8 11. O-O Nf8 12. b4 Qd6 13. Ne2 g6 14. Bb2 Ng4
15. Ng3 h5 16. h3 Nxe3 17. fxe3 Qxg3 18. Rf3 Qd6 19. Raf1 Be6 20. e4 dxe4 21.
Bxe4 f5 22. d5 cxd5 23. Qd2 Re7 24. Qd4 Qb6 25. Qxb6 axb6 26. Bd3 Nh7 27. h4
Bd7 28. Rc1 Rc8 29. Rxc8+ Bxc8 30. Kf2 Kf7 31. Re3 Nf6 32. Rxe7+ Kxe7 33. Ke3
Ke6 34. Bd4 Nh7 35. Kf4 Bd7 36. Bxb6 Nf6 37. Bd4 Ne4 38. Be2 b5 39. Bd3 Nd6 40.
Kg5 Be8 41. Kf4 Nc4 42. Kg5 Nxa3 43. Kf4 Nc4 44. Kg5 Nd6 45. Kf4 Ne4 46. Ke3
Nf6 47. Be2 Ng8 48. Kf4 Ne7 49. Bd3 Nc8 50. Be2 1/2-1/2

[Event "Aberto Brasil - II Niterói Chess Open "]
[Site "Salão de Convenções do Hot"]
[Date "2022.09.06"]
[Round "8.52"]
[White "Marocco, Gabriel Leao Quadro"]
[Black "Dos Santos, Fabricio Ferreira"]
[Result "0-1"]
[WhiteElo "1482"]
[BlackElo "1882"]
[PlyCount "64"]
[EventDate "2022.09.01"]
[EventRounds "9"]
[EventCountry "BRA"]

1. e4 c5 2. Nf3 e6 3. d4 cxd4 4. Nxd4 a6 5. a3 Nf6 6. Nc3 Qc7 7. Be2 Bc5 8. Be3
d6 9. Qd2 O-O 10. Nb3 Bxe3 11. Qxe3 Nc6 12. O-O b5 13. f3 Bb7 14. Rad1 Rad8 15.
Kh1 Rfe8 16. Nd4 Ne5 17. f4 Nc4 18. Bxc4 Qxc4 19. e5 Ng4 20. Qg3 dxe5 21. Ndxb5
Rxd1 22. Rxd1 axb5 23. Qxg4 exf4 24. Qg5 f5 25. Kg1 Qc5+ 26. Kf1 b4 27. Rd7
Ba6+ 28. Ke1 Qg1+ 29. Kd2 bxc3+ 30. Kxc3 Qe3+ 31. Kb4 Rb8+ 32. Ka4 Bb5+ 0-1

[Event "Aberto Brasil - II Niterói Chess Open "]
[Site "Salão de Convenções do Hot"]
[Date "2022.09.06"]
[Round "8.53"]
[White "Dos Santos, Thiago Lopes Verbic"]
[Black "Lima, Ivan Varga"]
[Result "1/2-1/2"]
[WhiteElo "1865"]
[BlackElo "1744"]
[PlyCount "136"]
[EventDate "2022.09.01"]
[EventRounds "9"]
[EventCountry "BRA"]

1. e4 c5 2. Nf3 e6 3. d4 cxd4 4. Nxd4 a6 5. Nc3 Qc7 6. g4 b5 7. Be3 Bb4 8. Qd2
Nf6 9. f3 h6 10. a3 Be7 11. Bd3 Bb7 12. O-O d5 13. Rf2 e5 14. Nxd5 Bxd5 15.
exd5 exd4 16. Bxd4 Nbd7 17. Re1 Kf8 18. Rxe7 Kxe7 19. Qb4+ Kd8 20. d6 Qc6 21.
Re2 a5 22. Qxb5 Qxb5 23. Bxb5 Re8 24. Kf2 Rxe2+ 25. Kxe2 Ne8 26. c4 Rc8 27. Kd3
f6 28. Bc3 Ra8 29. Bc6 Ra6 30. Bb7 Rxd6+ 31. Ke3 Kc7 32. Bd5 Kb6 33. b4 axb4
34. Bxb4 Nc5 35. Kd4 Ne6+ 36. Kc3 Rxd5 37. cxd5 Ng5 38. f4 Nf3 39. h3 Ng1 40.
h4 Ne2+ 41. Kd3 Nxf4+ 42. Ke4 Ng6 43. g5 fxg5 44. hxg5 h5 45. Kf5 h4 46. Be1 h3
47. Bg3 Ne7+ 48. Ke6 Nc8 49. Kd7 Ncd6 50. Ke6 Ne4 51. Bh2 Nxg5+ 52. Ke7 Nf6 53.
Kf8 Nxd5 54. Kxg7 Nf3 55. Bb8 Ne1 56. Kg6 Nd3 57. Bh2 N3f4+ 58. Kf5 Kb5 59. Ke4
Ka4 60. Kf3 Kxa3 61. Kf2 Kb3 62. Kf3 Kc3 63. Kf2 Kd3 64. Kf3 Kd2 65. Kf2 Kd1
66. Bg1 Nd3+ 67. Kg3 Ke1 68. Bd4 Kf1 {(illegible)} 1/2-1/2

[Event "Aberto Brasil - II Niterói Chess Open "]
[Site "Salão de Convenções do Hot"]
[Date "2022.09.06"]
[Round "8.54"]
[White "Veiga da Silva, Paulo Roberto Costa"]
[Black "Bastos, Gabriel Andrade"]
[Result "1/2-1/2"]
[WhiteElo "1800"]
[BlackElo "1857"]
[PlyCount "61"]
[EventDate "2022.09.01"]
[EventRounds "9"]
[EventCountry "BRA"]

1. e4 c5 2. Nf3 g6 3. d4 cxd4 4. Nxd4 Bg7 5. Nc3 Nc6 6. Be3 Nf6 7. Bc4 O-O 8.
Bb3 Re8 9. f3 e6 10. f4 d6 11. Ndb5 Bf8 12. O-O a6 13. Nd4 Bd7 14. Qf3 Nxd4 15.
Bxd4 Bc6 16. Rae1 Bg7 17. Qh3 b5 18. f5 exf5 19. exf5 Rxe1 20. Rxe1 b4 21. fxg6
hxg6 22. Bxf7+ Kxf7 23. Qe6+ Kf8 24. Rf1 Qe7 25. Qc4 Bxg2 26. Kxg2 bxc3 27.
Qxc3 Qe4+ 28. Kg1 Qg4+ 29. Kh1 Qe4+ 30. Kg1 Qg4+ 31. Kh1 1/2-1/2

[Event "Aberto Brasil - II Niterói Chess Open "]
[Site "Salão de Convenções do Hot"]
[Date "2022.09.06"]
[Round "8.55"]
[White "Karoly, Carlos Acacio Gomes"]
[Black "Maia, Erick De Figueiredo"]
[Result "1-0"]
[WhiteElo "1854"]
[BlackElo "1722"]
[PlyCount "95"]
[EventDate "2022.09.01"]
[EventRounds "9"]
[EventCountry "BRA"]

1. Nf3 Nf6 2. c4 c5 3. Nc3 b6 4. g3 Bb7 5. Bg2 d6 6. d3 e6 7. O-O Nbd7 8. b3
Be7 9. Bb2 a6 10. Rc1 O-O 11. Qc2 Rc8 12. Qb1 Qc7 13. Rfd1 Qb8 14. Qa1 Rfd8 15.
h3 Bf8 16. e3 Qa8 17. e4 d5 18. cxd5 exd5 19. exd5 Nxd5 20. Ne4 Nb4 21. Rc3 h6
22. a3 Nd5 23. Rcc1 f5 24. Ned2 N5f6 25. Nh4 Bxg2 26. Nxg2 Nd5 27. Nh4 f4 28.
g4 Be7 29. Nf5 Bf6 30. Ne4 Rc6 31. Qa2 Bxb2 32. Qxb2 N7f6 33. Re1 Qb7 34. b4
cxb4 35. axb4 Rxc1 36. Nxf6+ Nxf6 37. Qxc1 Qf3 38. Re7 Ne8 39. Qc4+ Kh8 40. Qf7
Qd1+ 41. Kh2 Qa1 42. Rxe8+ Rxe8 43. Qxe8+ Kh7 44. Ne7 Qa2 45. Qg6+ Kh8 46. Qxb6
f3 47. Nf5 Qa1 48. Qd4 1-0

[Event "Aberto Brasil - II Niterói Chess Open "]
[Site "Salão de Convenções do Hot"]
[Date "2022.09.06"]
[Round "8.56"]
[White "Rodrigues, Nei Jorge"]
[Black "Rabello, Gabriel Urubatan Fr"]
[Result "0-1"]
[WhiteElo "1872"]
[BlackElo "1700"]
[PlyCount "96"]
[EventDate "2022.09.01"]
[EventRounds "9"]
[EventCountry "BRA"]

1. d4 Nf6 2. c4 e6 3. Nc3 Bb4 4. Nf3 c5 5. Qb3 O-O 6. a3 Ba5 7. Bg5 b6 8. e3
Na6 9. Be2 Bb7 10. O-O Bxc3 11. Qxc3 Ne4 12. Bxd8 Nxc3 13. bxc3 Raxd8 14. a4
Nc7 15. a5 Ba6 16. Rfb1 Rb8 17. Ne5 Rfd8 18. axb6 Rxb6 19. dxc5 Rxb1+ 20. Rxb1
f6 21. Nf3 Rc8 22. Nd4 Kf7 23. f4 Ke7 24. e4 Ne8 25. Ra1 Bb7 26. Rxa7 Bxe4 27.
Ra5 Ra8 28. Rxa8 Bxa8 29. Nb5 Kd8 30. Bd3 g6 31. g4 Nc7 32. h4 Na6 33. h5 f5
34. hxg6 hxg6 35. g5 Nxc5 36. Bc2 Ke7 37. Kf2 d6 38. Ke3 e5 39. Nc7 Be4 40.
Bxe4 Nxe4 41. Nd5+ Kd7 42. Kd3 Nf2+ 43. Ke2 Nh3 44. Kf3 Nxf4 45. Nf6+ Kc6 46.
Nh7 Ne6 47. Ke3 Kc5 48. Kd3 e4+ 0-1

[Event "Aberto Brasil - II Niterói Chess Open "]
[Site "Salão de Convenções do Hot"]
[Date "2022.09.06"]
[Round "8.57"]
[White "Borsato, Ana Carolina Teodor"]
[Black "Vaz, Osvaldo Jose"]
[Result "1/2-1/2"]
[WhiteElo "1845"]
[BlackElo "1645"]
[PlyCount "74"]
[EventDate "2022.09.01"]
[EventRounds "9"]
[EventCountry "BRA"]

1. e4 e6 2. d4 d5 3. e5 c5 4. Qg4 Nc6 5. Nf3 Qc7 6. Bd3 cxd4 7. Bf4 Nge7 8. O-O
Ng6 9. Bxg6 hxg6 10. Nbd2 Be7 11. Rfe1 Bd7 12. Nb3 O-O-O 13. Nbxd4 Nxd4 14.
Nxd4 Kb8 15. Bg3 Ka8 16. c3 Rh5 17. Qf3 Rf8 18. a4 Bh4 19. Bxh4 Rxh4 20. h3 g5
21. Qg3 Qd8 22. Nf3 Rh5 23. Qg4 Rfh8 24. Ra3 f5 25. Qb4 g4 26. Rb3 Qc7 27. Nd4
gxh3 28. g3 Rg5 29. Qe7 Rg6 30. Qf7 Rgh6 31. Kh2 Qc8 32. Rb4 g5 33. Qe7 g4 34.
Ne2 Bc6 35. Nf4 R8h7 36. Qc5 Rc7 37. Qd4 Rh8 1/2-1/2

[Event "Aberto Brasil - II Niterói Chess Open "]
[Site "Salão de Convenções do Hot"]
[Date "2022.09.06"]
[Round "8.58"]
[White "Domingues, Pedro Henrique Da S"]
[Black "Campos, Otavio Moraes"]
[Result "1-0"]
[WhiteElo "1841"]
[BlackElo "1636"]
[PlyCount "45"]
[EventDate "2022.09.01"]
[EventRounds "9"]
[EventCountry "BRA"]

1. e4 c5 2. Nf3 Nc6 3. d4 cxd4 4. Nxd4 d6 5. Nc3 a6 6. Be3 Nf6 7. Be2 e6 8. Qd2
Be7 9. O-O-O O-O 10. g4 d5 11. exd5 Nxd5 12. Nxd5 Qxd5 13. Nxc6 Qxc6 14. f4 b5
15. Rhf1 Qc7 16. Bf3 Rd8 17. Qc3 Rxd1+ 18. Rxd1 Qb8 19. Bxa8 Qxa8 20. Qc7 Bf8
21. Bc5 Bxc5 22. Rd8+ Bf8 23. Rxf8+ 1-0

[Event "Aberto Brasil - II Niterói Chess Open "]
[Site "Salão de Convenções do Hot"]
[Date "2022.09.06"]
[Round "8.63"]
[White "Da Cunha, Fabio Barbosa"]
[Black "Hubner, Jessica Trindade"]
[Result "1-0"]
[WhiteElo "2130"]
[BlackElo "1727"]
[PlyCount "111"]
[EventDate "2022.09.01"]
[EventRounds "9"]
[EventCountry "BRA"]

1. e4 c5 2. Nf3 Nc6 3. d4 cxd4 4. Nxd4 g6 5. Bc4 Bg7 6. Be3 Nf6 7. Nc3 O-O 8.
f3 d6 9. Qd2 Qa5 10. Bb3 Nxd4 11. Bxd4 Be6 12. Bxe6 fxe6 13. O-O-O b5 14. Kb1
b4 15. Ne2 Qb5 16. h4 a5 17. g4 e5 18. Be3 a4 19. h5 b3 20. cxb3 axb3 21. a3
Rfc8 22. Nc3 Qa5 23. hxg6 hxg6 24. Bh6 Bh8 25. Qg5 Kf7 26. Rd3 Qc5 27. Qc1 Qc4
28. Rd2 Ra5 29. Rdh2 Qd3+ 30. Ka1 Rxa3+ 31. bxa3 Rxc3 32. Qb2 Qxf3 33. Rh3 Qxh3
34. Rxh3 Rxh3 35. Bc1 Nxg4 36. Qg2 Rh4 37. Bg5 Rh2 38. Qxg4 Ra2+ 39. Kb1 Rxa3
40. Bc1 Ra8 41. Qf3+ Bf6 42. Qxb3+ Kg7 43. Qe3 Rh8 44. Kc2 Rh5 45. Qg3 Kf7 46.
Kd3 Rh8 47. Qg4 Rh4 48. Qd7 Rh8 49. Kc4 Ra8 50. Bd2 Rg8 51. Kd5 Rh8 52. Bb4 Kf8
53. Bxd6 exd6 54. Ke6 Rh7 55. Qxh7 Bg7 56. Qxg6 1-0

[Event "Aberto Brasil - II Niterói Chess Open "]
[Site "Salão de Convenções do Hot"]
[Date "2022.09.06"]
[Round "8.64"]
[White "Barbosa, Luiz Francisco Da S"]
[Black "Bail, Ellen Larissa"]
[Result "0-1"]
[WhiteElo "1729"]
[BlackElo "1899"]
[PlyCount "98"]
[EventDate "2022.09.01"]
[EventRounds "9"]
[EventCountry "BRA"]

1. c4 e6 2. g3 d5 3. Bg2 Nf6 4. b3 Be7 5. Bb2 O-O 6. Nf3 dxc4 7. bxc4 c5 8. O-O
Nc6 9. d3 Qc7 10. Nc3 a6 11. Ng5 Rd8 12. Nge4 Bd7 13. Na4 Nxe4 14. Bxe4 Rab8
15. Nc3 Bf6 16. a4 b6 17. Qb1 Nd4 18. Qd1 Bc6 19. Rb1 Bxe4 20. Nxe4 Be7 21. Bc1
Nc6 22. Qd2 Rd4 23. Bb2 Rd7 24. Qe3 Nd4 25. Bxd4 cxd4 26. Qf3 f5 27. Nd2 g6 28.
h4 Bd6 29. Rb3 Re7 30. Rfb1 a5 31. Rb5 Bb4 32. Nb3 Rd8 33. Na1 e5 34. Rd5 e4
35. Rxd8+ Qxd8 36. dxe4 fxe4 37. Qb3 Kf8 38. Nc2 Bc5 39. Rd1 Rd7 40. Qb2 Kg8
41. Ne1 Qf8 42. Ng2 Qf7 43. Qb3 d3 44. e3 Qf6 45. Nf4 Rf7 46. Qa2 g5 47. hxg5
Qxg5 48. Kg2 Qg4 49. Qb1 Qf3+ 0-1

[Event "Aberto Brasil - II Niterói Chess Open "]
[Site "Salão de Convenções do Hot"]
[Date "2022.09.06"]
[Round "8.65"]
[White "Petrenko, Willy"]
[Black "Campagnolo, Fabiola"]
[Result "1-0"]
[WhiteElo "1876"]
[BlackElo "1702"]
[PlyCount "93"]
[EventDate "2022.09.01"]
[EventRounds "9"]
[EventCountry "BRA"]

1. e4 c5 2. Nf3 a6 3. g3 Nc6 4. Bg2 d6 5. h3 Nf6 6. d3 g6 7. c4 e5 8. Nc3 Bg7
9. O-O Bd7 10. Kh2 h6 11. Be3 g5 12. Ng1 Be6 13. Nd5 b5 14. b3 Rc8 15. f4 exf4
16. gxf4 g4 17. Rc1 gxh3 18. Nxf6+ Bxf6 19. Nxh3 Rg8 20. Qh5 Nb4 21. f5 Bd7 22.
Qe2 Bh4 23. Bf4 Qe7 24. Qd2 Nc6 25. cxb5 axb5 26. Bf3 Kd8 27. Rg1 Rxg1 28. Rxg1
Kc7 29. Qc1 Ne5 30. Be2 Ra8 31. Qc2 Bg5 32. Nxg5 hxg5 33. Rxg5 Rh8+ 34. Kg1 f6
35. Rg2 Qh7 36. Bxe5 Qh1+ 37. Kf2 fxe5 38. Bf3 Qa1 39. Qd2 Rh1 40. Kg3 Be8 41.
b4 c4 42. dxc4 bxc4 43. Qe2 Qd4 44. Rf2 c3 45. Bxh1 d5 46. exd5 Qxb4 47. Qxe5+
1-0

[Event "Aberto Brasil - II Niterói Chess Open "]
[Site "Salão de Convenções do Hot"]
[Date "2022.09.06"]
[Round "8.66"]
[White "Chaves, Jorge Antonio Torre"]
[Black "De Oliveira, Sergio Patricio"]
[Result "1-0"]
[WhiteElo "1865"]
[BlackElo "1605"]
[PlyCount "65"]
[EventDate "2022.09.01"]
[EventRounds "9"]
[EventCountry "BRA"]

1. e4 e5 2. f4 exf4 3. Nf3 d5 4. exd5 Qxd5 5. Nc3 Qd8 6. Bc4 Be7 7. d4 Nf6 8.
Bxf4 O-O 9. O-O Bg4 10. h3 Bh5 11. g4 Bg6 12. Ne5 Kh8 13. Nxg6+ fxg6 14. a3
Nbd7 15. Bb3 Nb6 16. Be5 Qd7 17. Qe2 Rae8 18. Qg2 c6 19. Rae1 Bd6 20. Rd1 Qe7
21. Rfe1 Qc7 22. Qg3 Rd8 23. Bxd6 Qxd6 24. Qxd6 Rxd6 25. Re7 Nfd7 26. Ne4 Nc8
27. Nxd6 Nxe7 28. Nxb7 Rf6 29. Kg2 Nd5 30. Bxd5 cxd5 31. Nc5 Nf8 32. Re1 g5 33.
Re8 1-0

[Event "Aberto Brasil - II Niterói Chess Open "]
[Site "Salão de Convenções do Hot"]
[Date "2022.09.06"]
[Round "8.67"]
[White "Pereira, Arthur Macedo"]
[Black "Santos, Abel Cardoso Dos"]
[Result "0-1"]
[WhiteElo "1703"]
[BlackElo "1826"]
[PlyCount "54"]
[EventDate "2022.09.01"]
[EventRounds "9"]
[EventCountry "BRA"]

1. c4 Nf6 2. Nc3 g6 3. e4 d6 4. d4 Bg7 5. f3 Nbd7 6. Be3 c6 7. Nge2 a6 8. Qd2
h5 9. Rc1 b5 10. cxb5 axb5 11. b3 Ba6 12. d5 c5 13. Nf4 Nb6 14. Bxb5+ Nfd7 15.
Bxa6 Rxa6 16. O-O O-O 17. Rf2 Qa8 18. Nd3 Kh7 19. Kh1 Qb7 20. f4 Bxc3 21. Qxc3
Nf6 22. Rfc2 Nxe4 23. Qe1 Qxd5 24. Rd1 Qa8 25. Nf2 Nxf2+ 26. Qxf2 Nd5 27. Re2
Nb4 0-1

[Event "Aberto Brasil - II Niterói Chess Open "]
[Site "Salão de Convenções do Hot"]
[Date "2022.09.06"]
[Round "8.68"]
[White "Fernandes, Joao Manoel Strauss"]
[Black "Cardoso, Marcio De Lucca"]
[Result "1/2-1/2"]
[WhiteElo "1688"]
[BlackElo "1802"]
[PlyCount "65"]
[EventDate "2022.09.01"]
[EventRounds "9"]
[EventCountry "BRA"]

1. e4 c5 2. Nf3 e6 3. d4 cxd4 4. Nxd4 Nf6 5. Nc3 Nc6 6. Be3 Bb4 7. Nxc6 bxc6 8.
Qd4 Qa5 9. Bd3 O-O 10. O-O e5 11. Qc4 d5 12. exd5 cxd5 13. Qh4 e4 14. Be2 Bxc3
15. bxc3 Qxc3 16. Bg5 Be6 17. Bxf6 Qxf6 18. Qxf6 gxf6 19. Rfd1 Rfc8 20. Rac1
Rc3 21. Bb5 a5 22. Ba4 Rb8 23. Bb3 Rc5 24. Rd2 Kf8 25. Rcd1 Ke7 26. h3 Rbc8 27.
Bxd5 Rxc2 28. Bxe4 Rxa2 29. Rxa2 Bxa2 30. Ra1 Be6 31. Rxa5 Rh8 32. Rh5 h6 33.
h4 1/2-1/2

[Event "Aberto Brasil - II Niterói Chess Open "]
[Site "Salão de Convenções do Hot"]
[Date "2022.09.06"]
[Round "8.69"]
[White "Stival Da Silva, Javier Rodrigo"]
[Black "Flores, Clarice Soares Leit"]
[Result "1/2-1/2"]
[WhiteElo "1807"]
[BlackElo "1767"]
[PlyCount "78"]
[EventDate "2022.09.01"]
[EventRounds "9"]
[EventCountry "BRA"]

1. e4 c5 2. Nf3 e6 3. d4 cxd4 4. Nxd4 Nf6 5. Nc3 Nc6 6. Bg5 h6 7. Be3 Bb4 8. f3
d5 9. exd5 Nxd5 10. Nxc6 bxc6 11. Bd2 Qb6 12. Nxd5 cxd5 13. b3 Bc5 14. Qe2 O-O
15. O-O-O a5 16. a4 Ba6 17. Qe1 Bxf1 18. Rxf1 d4 19. Qe4 Rfc8 20. Kb1 Rd8 21.
Bc1 Bb4 22. Bb2 Bc3 23. Bxc3 dxc3 24. Qc4 Rac8 25. Rxd8+ Qxd8 26. Qe2 Qe7 27.
Ka2 Rd8 28. Rd1 Rxd1 29. Qxd1 Qg5 30. Kb1 Qd2 31. Qf1 f5 32. h4 g6 33. g4 Kf7
34. Qd3 fxg4 35. fxg4 Kf6 36. Qe4 g5 37. h5 Qd1+ 38. Ka2 Qd2 39. Kb1 Qd1+
1/2-1/2

[Event "Aberto Brasil - II Niterói Chess Open "]
[Site "Salão de Convenções do Hot"]
[Date "2022.09.06"]
[Round "8.70"]
[White "Fernandes, Marcio Rosa"]
[Black "Campagnolo, Bruna"]
[Result "0-1"]
[WhiteElo "1763"]
[BlackElo "1393"]
[PlyCount "98"]
[EventDate "2022.09.01"]
[EventRounds "9"]
[EventCountry "BRA"]

1. c4 Nf6 2. g3 e6 3. Bg2 d5 4. cxd5 exd5 5. Nf3 Be7 6. O-O O-O 7. d4 Nc6 8.
Nc3 Re8 9. Ne5 Bb4 10. Bg5 Bxc3 11. bxc3 Nxe5 12. dxe5 Rxe5 13. Bxf6 Qxf6 14.
Bxd5 Bh3 15. Bg2 Qe6 16. e3 c6 17. Rb1 Rb8 18. Rb4 Bxg2 19. Kxg2 Re4 20. Qb3 b5
21. Qxe6 Rxe6 22. Rfb1 Rd8 23. Rd4 Rxd4 24. cxd4 Re8 25. Kf3 Rd8 26. Rc1 Rd6
27. Ke4 Kf8 28. Kd3 f5 29. f3 Rh6 30. Rc2 Ke7 31. e4 fxe4+ 32. fxe4 Kd7 33. e5
a5 34. Ke4 Re6 35. d5 cxd5+ 36. Kxd5 Rb6 37. Rc5 a4 38. a3 h5 39. h3 g5 40. g4
h4 41. Ke4 Ke6 42. Rc8 b4 43. Rh8 bxa3 44. Rh6+ Ke7 45. Rh7+ Kf8 46. Ra7 Rb4+
47. Kf5 a2 48. Ra8+ Ke7 49. Ra7+ Kd8 0-1

[Event "Aberto Brasil - II Niterói Chess Open "]
[Site "Salão de Convenções do Hot"]
[Date "2022.09.06"]
[Round "8.72"]
[White "Da Silva, Joao Carlos Orguim"]
[Black "Santiago, Mauro"]
[Result "1-0"]
[WhiteElo "1747"]
[BlackElo "1556"]
[PlyCount "63"]
[EventDate "2022.09.01"]
[EventRounds "9"]
[EventCountry "BRA"]

1. e4 e5 2. c4 c5 3. g3 Nf6 4. d3 Nc6 5. Bg2 d6 6. h3 Be7 7. Ne2 Be6 8. O-O O-O
9. Nbc3 Qc8 10. Kh2 Nd4 11. f4 exf4 12. Nxf4 Re8 13. Nxe6 fxe6 14. Be3 Rb8 15.
Bxd4 cxd4 16. Nb5 Qc5 17. b4 Qxb4 18. Nc7 e5 19. Nxe8 Rxe8 20. Rb1 Qa5 21. Rxb7
Qxa2 22. Qa1 Qe2 23. Rf3 Qd2 24. Qxa7 Kf7 25. Qa3 Kg6 26. Rb2 Qh6 27. Kg1 d5
28. Qa1 dxe4 29. dxe4 Bc5 30. Rd3 Kf7 31. Rb5 Nd7 32. Rxc5 1-0

[Event "Aberto Brasil - II Niterói Chess Open "]
[Site "Salão de Convenções do Hot"]
[Date "2022.09.06"]
[Round "8.73"]
[White "Da Rocha, Joao Batista Jose"]
[Black "Silva, Ezequiel Demetras"]
[Result "1/2-1/2"]
[WhiteElo "1734"]
[BlackElo "1807"]
[PlyCount "116"]
[EventDate "2022.09.01"]
[EventRounds "9"]
[EventCountry "BRA"]

1. d4 d5 2. Nf3 Nf6 3. e3 e6 4. Bd3 c5 5. b3 Nbd7 6. O-O Be7 7. Bb2 O-O 8. Nbd2
b6 9. c4 Bb7 10. Rc1 Rc8 11. Bb1 Ne4 12. Nxe4 dxe4 13. Ne5 Nxe5 14. dxe5 Qxd1
15. Rcxd1 Rfd8 16. g3 a6 17. a4 Bc6 18. Rfe1 b5 19. axb5 axb5 20. cxb5 Bd5 21.
Bc2 Rb8 22. Ra1 Rxb5 23. Ra7 Kf8 24. Rea1 Rdb8 25. Bc3 Bxb3 26. Bxe4 Bd5 27.
Bc2 R5b7 28. Rxb7 Bxb7 29. Rb1 Ke8 30. Be4 Bxe4 31. Rxb8+ Kd7 32. Rb2 Kc7 33.
Rd2 h5 34. f4 Bf3 35. h4 Be4 36. Ra2 Kb7 37. Kf2 Bd5 38. Ra1 Be4 39. Ke1 f6 40.
exf6 Bxf6 41. Bxf6 gxf6 42. Kd2 Kb6 43. Kc3 Kb5 44. Ra7 Kc6 45. Rf7 f5 46. Rf6
Kd5 47. Rf8 Bf3 48. Rg8 Ke4 49. Kd2 Bg4 50. Rc8 Kf3 51. Rxc5 Kxg3 52. Re5 Kxh4
53. Rxe6 Kg3 54. Rh6 h4 55. e4 fxe4 56. Ke3 h3 57. Kxe4 h2 58. Rxh2 Kxh2
1/2-1/2

[Event "Aberto Brasil - II Niterói Chess Open "]
[Site "Salão de Convenções do Hot"]
[Date "2022.09.06"]
[Round "8.74"]
[White "Carrillo Marval, Maria Angelica"]
[Black "Manoel, Gustavo Da Silva Me"]
[Result "1-0"]
[WhiteElo "1734"]
[BlackElo "1798"]
[PlyCount "83"]
[EventDate "2022.09.01"]
[EventRounds "9"]
[EventCountry "BRA"]

1. e4 c5 2. Nf3 d6 3. d4 cxd4 4. Nxd4 Nf6 5. f3 a6 6. c4 e5 7. Nb3 h5 8. Nc3
Be6 9. Be3 Nbd7 10. Be2 Be7 11. Qd2 O-O 12. O-O Rc8 13. Nd5 Nc5 14. Nxe7+ Qxe7
15. Nc1 Qd7 16. Rd1 Rfd8 17. Bf1 Nh7 18. Qf2 Qe8 19. Qh4 f6 20. b3 g5 21. Qf2
b6 22. b4 Na4 23. Bxb6 Rd7 24. c5 Nc3 25. Rxd6 Rxd6 26. cxd6 Qc6 27. Bc5 Nb5
28. Qd2 Rd8 29. Bxb5 Qxb5 30. a4 Qc6 31. Nd3 Nf8 32. Nb2 Nd7 33. Rc1 Nb6 34. a5
Nc8 35. Rd1 Qb5 36. h4 Rd7 37. hxg5 fxg5 38. Qd3 Qc6 39. Nc4 Bxc4 40. Qxc4+ Kg7
41. Qe6 Re7 42. Qf5 1-0

[Event "Aberto Brasil - II Niterói Chess Open "]
[Site "Salão de Convenções do Hot"]
[Date "2022.09.06"]
[Round "8.75"]
[White "De Almeida, Roberto A. Ferreira"]
[Black "Tsai, Roberto Gong Wei"]
[Result "0-1"]
[WhiteElo "1776"]
[BlackElo "1790"]
[PlyCount "60"]
[EventDate "2022.09.01"]
[EventRounds "9"]
[EventCountry "BRA"]

1. e4 g6 2. Bc4 e6 3. d4 Ne7 4. Nf3 Bg7 5. Nc3 b6 6. Bg5 Bb7 7. d5 O-O 8. dxe6
fxe6 9. Bxe6+ dxe6 10. Qxd8 Rxd8 11. Bxe7 Rd7 12. Bh4 Nc6 13. O-O Nd4 14. Nxd4
Bxd4 15. Rad1 c5 16. e5 h6 17. Bf6 a6 18. Ne2 Rd5 19. Nf4 Bxb2 20. Nxd5 Bxd5
21. Rb1 Bc3 22. Rxb6 Bxa2 23. Rd6 a5 24. Rfd1 Bd5 25. Rd3 Bb4 26. c3 c4 27.
R3xd5 Bxd6 28. Rxd6 a4 29. Rd8+ Rxd8 30. Bxd8 a3 0-1